000
00284nam a22001337a 4500
008
170714b xxu||||| |||| 00| 0 eng d
020
_a
t
041
_a
eng
080
_a
030
100
_a
24
101
_a
FJA
245
_a
A DICTIONARY BATTLE
_c
EGGENBERGER.D
942
_2
udc
_c
BK
999
_c
20839
_d
20839